[Le Dyas au Nébraska / (Record no. 158697)

MARC details
000 -LEADER
campo de control de longitud fija 00847nam a22002055i 4500
001 - NÚMERO DE CONTROL
campo de control 158697
003 - IDENTIFICADOR DE NÚMERO DE CONTROL
campo de control ES-MaACL
005 - FECHA Y HORA DE LA ÚLTIMA TRANSACCIÓN
campo de control 20230906211256.0
008 - DATOS DE LONGITUD FIJA--INFORMACIÓN GENERAL
campo de control de longitud fija 040902s1867 fr a |||| | fre d
040 ## - FUENTE DE CATALOGACIÓN
Centro catalogador/agencia de origen CAM
Lengua de catalogación spa
Centro/agencia transcriptor CAM
100 1# - ENTRADA PRINCIPAL--NOMBRE DE PERSONA
Nombre de persona Marcou, Jules.
9 (RLIN) 76547
245 13 - MENCIÓN DEL TÍTULO
Título [Le Dyas au Nébraska /
Mención de responsabilidad, etc. par Jules Marcou].
260 ## - PUBLICACIÓN, DISTRIBUCIÓN, ETC.
Lugar de publicación, distribución, etc. Paris :
Nombre del editor, distribuidor, etc. [s.n.,
Fecha de publicación, distribución, etc. s.a.] (
Fabricante Imprimerie de E. Martinet)
300 ## - DESCRIPCIÓN FÍSICA
Extensión P. 280-299; [1] h. de lám. ;
Dimensiones 23 cm.
500 ## - NOTA GENERAL
Nota general Extrait du Bulletin de la Société Géologique de France, 2e série, t.XXIV, p. 280, séance du 4 février 1867.
594 ## - Nota al título y mención de responsabilidad
Nota al título y mención de responsabilidad Tit. tomado de comienzo del texto.
596 ## - NOTA AL PIE DE IMPRENTA
NOTA AL PIE DE IMPRENTA Pie de imp. tomado de colofón.
650 #4 - PUNTO DE ACCESO ADICIONAL DE MATERIA--TÉRMINO DE MATERIA
Término de materia o nombre geográfico como elemento de entrada Geología-
Subdivisión geográfica Estados Unidos.
9 (RLIN) 157305
852 ## - LOCALIZACIÓN
Ubicación ES-MaACL
Número de control de estantería T-901-F-12
Nota libre -- Enc. hol.
-- -- Legado de Federico de Botella y de Hornos
-- -- Enc. en un vol. facticio
Holdings
Estatus retirado Estado de pérdida Estado de daño No para préstamo Colección Biblioteca de origen Biblioteca actual Ubicación en estantería Fecha de adquisición Fuente de adquisición Total de préstamos Signatura topográfica completa Código de barras Visto por última vez Precio de reemplazo Tipo de ítem Koha
        Colección de folletos Biblioteca del Ateneo de Madrid Biblioteca del Ateneo de Madrid Depósito folletos 17/01/2008     T-901-F-12 1166106 23/02/2023 23/02/2023 Folleto